000 00514nam a2200181Ia 4500
001 18929
005 20260306171706.0
008 260306s9999||||xx |||||||||||||| ||und||
041 _aESP
082 _a658.562
_bI28
100 _aInstituto Colombiano de Normas Técnicas y Certificación -ICONTEC-
_eAUT
245 0 _aCompendio ISO 28000:
_bsistemas de gestión de la seguridad para la cadena de suministro
260 _c2009
300 _a
_c
650 _aGEN
654 _aCAN
942 _cLIB
_dJUS
_fJUS
_2ddc
_n
999 _c18929
_d18929